<?xml version="1.0" encoding="UTF-8"?><?xml-stylesheet type="text/xsl" href="static/style.xsl"?><OAI-PMH xmlns="http://www.openarchives.org/OAI/2.0/" xmlns:xsi="http://www.w3.org/2001/XMLSchema-instance" xsi:schemaLocation="http://www.openarchives.org/OAI/2.0/ http://www.openarchives.org/OAI/2.0/OAI-PMH.xsd"><responseDate>2026-06-01T18:11:51Z</responseDate><request verb="GetRecord" identifier="oai:riuma.uma.es:10630/4624" metadataPrefix="marc">https://riuma.uma.es/rest/oai/request</request><GetRecord><record><header><identifier>oai:riuma.uma.es:10630/4624</identifier><datestamp>2026-02-03T10:45:20Z</datestamp><setSpec>com_10630_2499</setSpec><setSpec>com_10630_598</setSpec><setSpec>col_10630_2500</setSpec></header><metadata><record xmlns="http://www.loc.gov/MARC21/slim" xmlns:dcterms="http://purl.org/dc/terms/" xmlns:doc="http://www.lyncode.com/xoai" xmlns:xsi="http://www.w3.org/2001/XMLSchema-instance" xsi:schemaLocation="http://www.loc.gov/MARC21/slim http://www.loc.gov/standards/marcxml/schema/MARC21slim.xsd">
   <leader>00925njm 22002777a 4500</leader>
   <datafield ind2=" " ind1=" " tag="042">
      <subfield code="a">dc</subfield>
   </datafield>
   <datafield ind2=" " ind1=" " tag="720">
      <subfield code="a">García Reche, Gregorio</subfield>
      <subfield code="e">author</subfield>
   </datafield>
   <datafield ind2=" " ind1=" " tag="260">
      <subfield code="c">2011</subfield>
   </datafield>
   <datafield ind2=" " ind1=" " tag="520">
      <subfield code="a">Se realiza una reflexión sobre los indicadores estándar para bibliotecas y se aporta un análisis de las tipologías y cantidad de indicadores a utilizar. Se enfatiza en la necesidad de vincular los indicadores a objetivos concretos referidos a&#xd;
resultados en los usuarios, en el personal de biblioteca, en la sociedad y en los resultados&#xd;
clave, destacando la relevancia de los indicadores de percepción, dado que su peso es&#xd;
considerablemente mayor que los de rendimiento en el Modelo de Excelencia EFQM, el cuál se toma como referente.&#xd;
Se incluyen supuestos de indicadores básicos que refuerzan esta tesis y la de evitar estándares genéricos.&#xd;
Se concluye que es necesario centrarse principalmente en los indicadores de percepción, al ser los que muestran la utilidad del servicio, la fidelidad del usuario y justifican a la biblioteca como servicio público.</subfield>
   </datafield>
   <datafield ind1="8" ind2=" " tag="024">
      <subfield code="a">http://hdl.handle.net/10630/4624</subfield>
   </datafield>
   <datafield tag="653" ind2=" " ind1=" ">
      <subfield code="a">Bibliotecas universitarias - Evaluación</subfield>
   </datafield>
   <datafield ind2="0" ind1="0" tag="245">
      <subfield code="a">Otra visión sobre indicadores para bibliotecas universitarias</subfield>
   </datafield>
</record>
</metadata></record></GetRecord></OAI-PMH>